Bemerkungen zu einigen literarischen Papyri aus Oxyrhynchos.

محفوظ في:

المؤلف الرئيسي: Deubner, Ludwig, 1877-1946.

التنسيق: كتاب

اللغة: German

منشور في: Heidelberg : C. Winter, 1919.

سلاسل: Sitzungsberichte der Heidelberger Akademie der Wissenschaften, Philosophisch-Historische Klasse ; Jahrg. 1919, Bericht 17.

الموضوعات:

الوسوم: إضافة وسم

لا توجد وسوم, كن أول من يضع وسما على هذه التسجيلة!

رقم الطلب: ( P )PA3315 .O84 D4 1919

LEADER 00845nam a2200217Ia 4500
003 OSt
005 20240709083011.0
008 750501s1919 gw b 00010 germc
952 |0 0  |1 0  |2 lcc  |4 0  |7 1  |9 43836  |a ARCE  |b ARCE  |d 2022-11-24  |l 0  |o ( P )PA3315 .O84 D4 1919  |p 1028849  |r 2022-11-24 00:00:00  |w 2022-11-24  |y BK 
999 |c 50293  |d 50293 
040 |c ARCE Library 
050 4 |a ( P )PA3315 .O84 D4 1919 
100 1 |a Deubner, Ludwig,   |d 1877-1946. 
245 1 0 |a Bemerkungen zu einigen literarischen Papyri aus Oxyrhynchos.  
264 1 |a Heidelberg :   |b C. Winter,   |c 1919. 
300 |a 13 p. ;   |c 25 cm. 
490 0 |a Sitzungsberichte der Heidelberger Akademie der Wissenschaften, Philosophisch-Historische Klasse ; Jahrg. 1919, Bericht 17. 
504 |a Includes bibliographical references. 
650 0 |a Oxyrhynchus papyri. 
901 |a reviewed 
942 |2 lcc  |c BK